Shia LaBeouf's Motivational Speech Quiz Stats

 Plays Quiz not verified by Sporcle

Challenge
Share
Tweet
Embed
Score 0/88 Timer 05:00
0 Plays Today
% Correct
it.
96.1%
it.
96.1%
it.
96.1%
it.
96.1%
it.
96.1%
it.
96.1%
it.
96.1%
it.
96.1%
you
94.1%
You
94.1%
you
94.1%
you
94.1%
Do
93.1%
do
93.1%
do
93.1%
do
93.1%
Do
93.1%
do
93.1%
do
93.1%
Just
92.2%
just
92.2%
Just
92.2%
Just
92.2%
Just
92.2%
your
82.4%
be
82.4%
your
82.4%
Don't
79.4%
to
78.4%
So
76.5%
% Correct
let
72.5%
Yes
71.6%
dream
70.6%
dreams
69.6%
dreams.
69.6%
dreams
69.6%
and
68.6%
and
68.6%
can.
68.6%
tomorrow.
66.7%
the
66.7%
No.
63.7%
said
60.8%
Yesterday,
59.8%
Make
56.9%
of
53.9%
is
53.9%
What
53.9%
of
53.9%
come
52.9%
you're
52.9%
you're
52.9%
are
52.9%
you're
52.9%
true.
52%
up
52%
not
52%
up.
52%
gonna
50%
gonna
50%
% Correct
for?
50%
stop
48%
stop
48%
get
47.1%
If
47.1%
waiting
45.1%
at
41.2%
where
40.2%
there.
40.2%
hard
35.3%
Some
34.3%
people
34.3%
work
34.3%
point
33.3%
impossible.
32.4%
Nothing
31.4%
tired
31.4%
success,
30.4%
wake
30.4%
giving
29.4%
should
28.4%
would
28.4%
quit,
27.5%
while
25.5%
else
25.5%
starting
25.5%
anyone
24.5%
over,
24.5%

You're not logged in!

Compare scores with friends on all Sporcle quizzes.
Join for Free
OR
Log In

You Might Also Like...

Show Comments

Extras

Top Quizzes Today


Score Distribution

Your Account Isn't Verified!

In order to create a playlist on Sporcle, you need to verify the email address you used during registration. Go to your Sporcle Settings to finish the process.

Report this User

Report this user for behavior that violates our Community Guidelines.

Details: